[Event "Dhaka Metropolis op U2100"]
[Site "Dhaka"]
[Date "2022.10.18"]
[Round "2"]
[White "Jilani Hossain, Mollah"]
[Black "Bhuiyan, Golam Mostafa"]
[Result "0-1"]
[WhiteElo "1699"]
[BlackElo "1949"]
[PlyCount "110"]
[EventDate "2022.10.17"]
[EventType "swiss"]
[EventRounds "9"]
[EventCountry "BAN"]
[SourceTitle "EXT 2024"]
[Source "ChessBase"]
[SourceDate "2023.10.10"]
[SourceVersion "1"]
[SourceVersionDate "2023.10.10"]
[SourceQuality "1"]

1. e4 c5 2. Nf3 Nc6 3. d4 cxd4 4. Nxd4 a6 5. c4 d6 6. Nc3 g6 7. Be3 Bg7 8. Qd2 Nf6 9. f3 0-0 10. g4 Ne5 11. Be2 Be6 12. b3 h5 13. gxh5 Nxh5 14. Nxe6 fxe6 15. f4 Nc6 16. Bxh5 Qa5 17. Rc1 Qxh5 18. 0-0 Rf7 19. Ne2 Raf8 20. Ng3 Qg4 21. Rf2 e5 22. Rcf1 exf4 23. Bxf4 Nd4 24. Kg2 e5 25. Be3 Nf3 26. Qd5 Kh7 27. Qxf7 Rxf7 28. Rxf3 Rxf3 29. Rxf3 Bh6 30. Bxh6 Kxh6 31. Rf6 Qd1 32. h4 Kg7 33. Rf3 b5 34. cxb5 axb5 35. a4 b4 36. h5 d5 37. hxg6 d4 38. Nf5+ Kxg6 39. Rg3+ Kf6 40. Rg8 Qe2+ 41. Kg3 Qd3+ 42. Kf2 Qxe4 43. Rf8+ Kg5 44. Ng3 Qc2+ 45. Kg1 e4 46. Rg8+ Kf6 47. Nh5+ Ke5 48. Rg5+ Kd6 49. Rg6+ Ke7 50. Ng3 e3 51. Rg5 Qf2+ 52. Kh1 d3 53. Re5+ Kf6 54. Ne4+ Kxe5 55. Nxf2 exf2 0-1

[Event "BAN-chT2"]
[Site "Dhaka"]
[Date "2022.07.24"]
[Round "7.2"]
[White "Mostofa, Haider"]
[Black "Jilani Hossain, Mollah"]
[Result "0-1"]
[WhiteElo "1542"]
[BlackElo "1712"]
[PlyCount "107"]
[EventDate "2022.07.18"]
[EventType "team-swiss"]
[EventRounds "9"]
[EventCountry "BAN"]
[SourceTitle "EXT 2023"]
[Source "ChessBase"]
[SourceDate "2022.10.05"]
[SourceVersion "1"]
[SourceVersionDate "2022.10.05"]
[SourceQuality "1"]
[WhiteTeam "Elegant Int CA Utta"]
[BlackTeam "Goualanondo CC"]
[WhiteTeamCountry "BAN"]
[BlackTeamCountry "BAN"]

1. e4 e5 2. Nf3 Nc6 3. Bc4 Be7 4. c3 Nf6 5. d4 Nxe4 6. dxe5 0-0 7. 0-0 d6 8. Bd5 Nc5 9. exd6 cxd6 10. h3 Bf5 11. Nbd2 Qc7 12. Nb3 Rfd8 13. Be3 Nd3 14. Nfd4 Nxd4 15. Nxd4 Bg6 16. Qd2 Nc5 17. f4 Be4 18. Nb5 Qb8 19. Bxe4 Nxe4 20. Qd4 Nc5 21. f5 a6 22. Na3 Bf6 23. Qd5 Re8 24. Bd4 Ne4 25. Bxf6 Nxf6 26. Qf3 d5 27. Nc2 Ne4 28. Rad1 Qa7+ 29. Nd4 b5 30. a3 Qc5 31. Rfe1 Re5 32. Re3 Rae8 33. Rde1 f6 34. Kh1 Ng5 35. Qf4 Rxe3 36. Rxe3 Rxe3 37. Qxe3 Ne4 38. Qf4 Qe7 39. Qb8+ Kf7 40. Ne6 g6 41. g4 gxf5 42. gxf5 Ng5 43. Nd8+ Kg7 44. Qb7 Qxb7 45. Nxb7 Nxh3 46. Kg2 Nf4+ 47. Kf3 Nd3 48. b3 h5 49. Ke3 h4 50. Kf3 Ne5+ 51. Kg2 Kh6 52. Nc5 a5 53. Ne6 Kh5 54. Kh3 0-1

[Event "Dhaka Walton op"]
[Site "Dhaka"]
[Date "2018.05.27"]
[Round "2"]
[White "Nayem, Haque"]
[Black "Jilani Hossain, Mollah"]
[Result "1-0"]
[WhiteElo "1954"]
[BlackElo "1608"]
[PlyCount "65"]
[EventDate "2018.05.26"]
[EventType "swiss"]
[EventRounds "9"]
[EventCountry "BAN"]
[SourceTitle "CBM 184 Extra"]
[Source "ChessBase"]
[SourceDate "2018.06.28"]
[SourceVersion "1"]
[SourceVersionDate "2018.06.28"]
[SourceQuality "1"]

1. e4 e6 2. d4 d5 3. Nc3 Nf6 4. Bg5 Be7 5. e5 Nfd7 6. Bxe7 Qxe7 7. Nf3 a6 8. Be2 c5 9. dxc5 Qxc5 10. Qd2 b5 11. 0-0 Nc6 12. Qg5 g6 13. a3 h6 14. Qg3 Bb7 15. Bd3 Qe7 16. Rfe1 Nc5 17. Rad1 Nxd3 18. cxd3 Rc8 19. d4 0-0 20. h4 Kh7 21. Nh2 Na5 22. Ng4 Rg8 23. Qf4 Qf8 24. Nf6+ Kh8 25. Ng4 Kh7 26. Rd3 Rc7 27. Rg3 Nc4 28. Nd1 Qg7 29. Nf6+ Kh8 30. Ne3 Nd2 31. f3 Rc2 32. Neg4 Nc4 33. Nxh6 1-0

[Event "Dhaka IRT U2000"]
[Site "Dhaka"]
[Date "2018.02.14"]
[Round "1"]
[White "Yasir Ali, Khan Evan"]
[Black "Jilani Hossain, Mollah"]
[Result "1-0"]
[WhiteElo "1890"]
[BlackElo "1612"]
[PlyCount "71"]
[EventDate "2018.02.14"]
[EventType "swiss"]
[EventRounds "9"]
[EventCountry "BAN"]
[SourceTitle "EXT 2024"]
[Source "ChessBase"]
[SourceDate "2023.10.10"]
[SourceVersion "1"]
[SourceVersionDate "2023.10.10"]
[SourceQuality "1"]

1. Nf3 Nf6 2. c4 c5 3. g3 Nc6 4. Bg2 b6 5. Nc3 Bb7 6. 0-0 e6 7. e4 e5 8. d3 h6 9. Nh4 g5 10. Nf5 Nd4 11. Bh3 Nxf5 12. Bxf5 Bg7 13. Nb5 0-0 14. f4 gxf4 15. gxf4 d6 16. h3 a6 17. Nc3 Bc8 18. Bxc8 Qxc8 19. f5 Kh7 20. Kh2 Rg8 21. Rg1 Qd8 22. Qd2 Bf8 23. Rxg8 Nxg8 24. Qf2 Nf6 25. Qh4 Ng8 26. Qh5 Nf6 27. Qxf7+ Bg7 28. Qg6+ Kh8 29. Bxh6 Bxh6 30. Qxh6+ Nh7 31. Rg1 Qf8 32. Qg6 Ra7 33. Nd5 b5 34. Rg4 b4 35. Rh4 Rg7 36. Nf6 1-0

[Event "BAN-chT2"]
[Site "Dhaka"]
[Date "2017.10.25"]
[Round "4.4"]
[White "Husain, Ejaz"]
[Black "Jilani Hossain, Mollah"]
[Result "1-0"]
[WhiteElo "1980"]
[BlackElo "1687"]
[PlyCount "111"]
[EventDate "2017.10.22"]
[EventType "team-swiss"]
[EventRounds "7"]
[EventCountry "BAN"]
[SourceTitle "CBM 181 Extra"]
[Source "ChessBase"]
[SourceDate "2017.12.12"]
[SourceVersion "1"]
[SourceVersionDate "2017.12.12"]
[SourceQuality "1"]
[WhiteTeam "Chess Q"]
[BlackTeam "Dabanol"]
[WhiteTeamCountry "BAN"]
[BlackTeamCountry "BAN"]

1. e4 d5 2. exd5 Qxd5 3. Nc3 Qa5 4. d4 Nf6 5. Nf3 Nc6 6. Bd2 Bg4 7. Bb5 Qb4 8. d5 a6 9. Ba4 b5 10. a3 Qd6 11. Bxb5 axb5 12. Nxb5 Qd7 13. dxc6 Qxc6 14. Nbd4 Qb7 15. h3 Bh5 16. Bc3 Ne4 17. 0-0 Rd8 18. Qe2 Nxc3 19. bxc3 e6 20. Rab1 Bxf3 21. Nxf3 Qc8 22. Ne5 Bxa3 23. Nc6 0-0 24. Nxd8 Rxd8 25. Rfd1 Rxd1+ 26. Rxd1 g6 27. Qb5 Bd6 28. c4 Qd8 29. Kh1 Qe7 30. Qb2 Qg5 31. Qd4 h5 32. Kg1 Kf8 33. c5 Qxc5 34. Qxc5 Bxc5 35. Kf1 Ke7 36. Ke2 f5 37. f3 h4 38. Ra1 Kf6 39. Ra8 g5 40. Ra5 Bb6 41. Rb5 f4 42. Kd3 Be3 43. Ke4 c5 44. c3 Bg1 45. Rb7 Bf2 46. Rd7 Bg1 47. Rd1 Be3 48. Kd3 Kf5 49. Kc4 Ke5 50. Rd8 Bg1 51. Rg8 Kf6 52. Rc8 Ke7 53. Rxc5 Bxc5 54. Kxc5 Kd7 55. Kd4 Kd6 56. Ke4 1-0